000 00742 a2200217 4500
010 _aENG-89559
020 _a8171245552
_c450.00
035 _aEN-73092
037 _bDBAD / PUB
082 1 4 _a370.15
090 _c11141
_d11141
100 1 _aPandey, K.P.
245 1 _aAdvanced educational psychology/
_cby K.P. Pandey
250 _a3rd ed.
260 _aVaranasi
_bVishwavidyalaya Prakashan
_c2007
270 _aChowk,
_bVaranasi
_cVaranasi
_e221001
_k0542-2413082, 2413741
_mwww.vvpbooks.com
300 _axvi, 584p.;
_c22 cm. (Hb)
500 _aIncludes bibliographical references & index.
942 _adpl
_cEN
_k370.15 / PAN
999 _c10836
_d10836